Rozpoznaj film po opisie #6 - Statystyki

Ogólne statystyki
  • Ten quiz został rozwiązany 23 razy
  • Średni wynik to 4 z 10
Statystyki odpowiedzi
Opis filmu Tytuł % Poprawnych
Paul Edgecomb, strażnik więzienny w zakładzie karnym, opowiada historię swojego czasu pracy na oddziale śmierci, gdzie trafia wyjątkowy więzień – John Coffey, ogromny mężczyzna skazany za brutalne morderstwo dwóch dziewczynek. Pomimo swojej przerażającej postury, Coffey okazuje się niewinny i obdarzony nadprzyrodzonymi zdolnościami, które zmieniają życie wszystkich, którzy go spotykają. W miarę jak Paul i jego koledzy z oddziału odkrywają tajemnicę Johna, zaczynają zastanawiać się nad naturą sprawiedliwości, winy i cudów. Zielona mila
96%
Oskar Schindler, niemiecki biznesmen, początkowo zafascynowany wojenną machiną i chęcią zysku, zatrudnia Żydów w swojej fabryce, aby wykorzystać ich jako tanią siłę roboczą. Z czasem, będąc świadkiem brutalności nazistowskiego reżimu wobec ludności żydowskiej, Schindler zaczyna ryzykować własne życie, aby ocalić jak najwięcej ludzi. Dzięki jego determinacji, sprytowi i nieustępliwości, udało się uratować ponad tysiąc Żydów przed śmiercią w obozach zagłady. Film jest wzruszającą opowieścią o ludzkiej odwadze, moralności i sile jednostki w obliczu ogromnej tragedii. Lista Schindlera
87%
Philippe, bogaty paryski arystokrata, po wypadku staje się sparaliżowany od szyi w dół. Zatrudnia Drissa, młodego mężczyznę z ubogich dzielnic, który niedawno wyszedł z więzienia. Choć początkowo Driss traktuje pracę jako przymus, wkrótce między nim a Philippe’em rodzi się wyjątkowa przyjaźń. Driss wprowadza do życia Philippe’a radość i spontaniczność, której mu brakowało, a ich wspólna relacja zmienia życie obu mężczyzn na zawsze. Film opowiada o przyjaźni, przezwyciężaniu przeciwności losu i przełamywaniu barier społecznych. Nietykalni
52%
Film w reżyserii Quentina Tarantino to złożona opowieść o przestępczym świecie Los Angeles, zbudowana z kilku przeplatających się historii. Opowiada m.in. o Vincentcie Vega i Julesie Winnfieldzie, dwóch zabójcach na usługach mafii, którzy muszą poradzić sobie z konsekwencjami jednej nieudanej akcji. W filmie pojawiają się również historia o byłej gwieździe filmowej, która postanawia wrócić do zawodu, oraz gangsterska para, która planuje napad. Film wyróżnia się niechronologiczną narracją, nieoczywistymi dialogami, czarnym humorem i kultowymi postaciami. Pulp Fiction
48%
Dwoje detektywów, młodszy David Mills i starszy William Somerset, prowadzi śledztwo w sprawie serii brutalnych morderstw, których ofiary zostają zabite zgodnie z siedmioma grzechami głównymi: chciwością, gniewem, lenistwem, zazdrością, pychą, pożądaniem i łakomstwem. Zbrodnie są starannie zaplanowane i pełne symboliki, co sprawia, że dochodzenie staje się coraz bardziej skomplikowane. Gdy morderca zostaje w końcu złapany, jego ostateczny plan zaskakuje detektywów i prowadzi do szokującego i traumatycznego finału. Film porusza kwestie dobra i zła, sprawiedliwości oraz granic moralności. Siedem
43%
Randle P. McMurphy, charyzmatyczny i buntowniczy mężczyzna, trafia do szpitala psychiatrycznego, aby uniknąć więzienia. Szybko staje się liderem wśród pacjentów, wprowadzając chaos i zabawę w rygorystycznym i stonowanym świecie szpitala. Jego największym przeciwnikiem staje się siostra Ratched, zimna i bezwzględna pielęgniarka, która kontroluje życie pacjentów. W miarę jak McMurphy staje w opozycji do jej brutalnych metod, jego obecność w szpitalu prowadzi do głębokich przemian, zarówno wśród pacjentów, jak i w nim samym. Film porusza kwestie wolności, opresji i siły jednostki w konfrontacji z systemem. Lot nad kukułczym gniazdem
39%
Guido, energiczny i pełen optymizmu włoski mężczyzna, zakochuje się w pięknej Dorze, którą poślubia i mają razem syna, Giosué. Kiedy wybucha II wojna światowa, Guido zostaje deportowany do obozu koncentracyjnego wraz z synem. Aby ochronić chłopca przed okrucieństwami wojny, Guido przekonuje go, że cały oboz to wielka gra, a wygranie jej zależy od zdobycia punktów. Przez cały czas stara się sprawić, by dziecko nie poznało prawdy o straszliwej rzeczywistości, a cała jego kreatywność i miłość są skierowane na to, by chronić niewinność Giosué. Film jest wzruszającą opowieścią o nadziei, miłości i sile ludzkiego ducha w najciemniejszych czasach. Życie jest piękne
30%
Film opowiada historię życia genialnego kompozytora Wolfganga Amadeusza Mozarta z perspektywy jego rywala, Antonio Salieriego, który jest nadwornym kompozytorem na dworze cesarza Józefa II. Salieri, zazdrosny o niezwykły talent Mozarta, jednocześnie podziwia go i nienawidzi. Film ukazuje nie tylko mistrzowskie kompozycje Mozarta, ale także jego burzliwe życie osobiste, pełne kontrowersji, dziwactw i zniszczonej reputacji. W tle pojawia się również motyw geniuszu, zazdrości, zemsty i tragicznego losu, który zdominował życie Mozarta. Amadeusz
17%
Rodzina Kimów, żyjąca w biedzie, wkrótce znajduje sposób, by wkręcić się w życie zamożnej rodziny Parków. Najpierw syn Kimów zdobywa pracę jako nauczyciel prywatny dla córki Parków, a później kolejni członkowie rodziny znajdują sposób na to, by zająć stanowiska w domu Parków, udając specjalistów w różnych dziedzinach. Z czasem napięcie rośnie, a z pozornie idealne życie Parków zaczyna ujawniać mroczne sekrety. Film jest satyrą społeczną, która porusza temat nierówności klasowych, z zaznaczeniem brutalnej i zaskakującej konfrontacji między dwoma rodzinami. Parasite
17%
Dr Malcolm Sayer, neurolog, podejmuje pracę w szpitalu, gdzie odkrywa pacjentów, którzy przez lata byli w stanie katatonii, nie reagując na bodźce zewnętrzne. Jednym z nich jest Leonard Lowe, który w wyniku epidemii stracił zdolność poruszania się i komunikowania. Dr Sayer postanawia zastosować eksperymentalną terapię, wykorzystując lek, który w latach 60. XX wieku staje się przełomowy. Ku zaskoczeniu wszystkich, Leonard zaczyna się budzić i odzyskuje pełną sprawność. Jego powrót do życia jest niezwykle wzruszający, ale także prowadzi do tragicznych odkryć na temat ulotności zdrowia i życia. Przebudzenia
13%
Nie znaleziono quizów pasujących do podanych kryteriów
Rozkład punktacji
Procent ludzi z każdym wynikiem
Percentyl według liczby udzielonych odpowiedzi
Twoja historia wyników
Nie rozwiązałeś tego quizu